Humo en la balanza... : (Registro nro. 13909)
[ vista simple ]
| 000 -CABECERA | |
|---|---|
| campo de control de longitud fija | 00799cam a2200241 a 4500 |
| 001 - NÚMERO DE CONTROL | |
| campo de control | 000014314 |
| 005 - FECHA Y HORA DE LA ÚLTIMA TRANSACCIÓN | |
| campo de control | 20200929163553.0 |
| 008 - DATOS DE LONGITUD FIJA--INFORMACIÓN GENERAL | |
| campo de control de longitud fija | 020729s2001 nq 000 0 spa d |
| 020 ## - NÚMERO INTERNACIONAL ESTÁNDAR DEL LIBRO | |
| Número Internacional Estándar del Libro | 9992437294 |
| 035 ## - NÚMERO DE CONTROL DEL SISTEMA | |
| Número de control de sistema | (CStRLIN)NYUGB12700250-B |
| 035 ## - NÚMERO DE CONTROL DEL SISTEMA | |
| Número de control de sistema | (OCoLC)ocm51950040 |
| 040 ## - FUENTE DE LA CATALOGACIÓN | |
| Centro catalogador/agencia de origen | DO-SdBNP |
| Centro/agencia transcriptor | HLS |
| Centro/agencia modificador | NNU |
| -- | DLC |
| 082 ## - NÚMERO DE LA CLASIFICACIÓN DECIMAL DEWEY | |
| Número de clasificación | 331.129 |
| Número de documento/Ítem | G948 |
| 049 ## - FONDOS LOCALES (OCLC) | |
| Fondos de biblioteca | BNGR |
| 100 1# - ENTRADA PRINCIPAL--NOMBRE DE PERSONA | |
| Nombre de persona | Guido, Danilo. |
| 9 (RLIN) | 32279 |
| 245 10 - MENCIÓN DE TÍTULO | |
| Título | Humo en la balanza... : |
| Resto del título | testimonio de las cortes de café / |
| Mención de responsabilidad, etc. | Danilo Guido. |
| 246 30 - FORMA VARIANTE DE TÍTULO | |
| Título propio/Titulo breve | Testimonio de las cortes de café |
| 260 ## - PUBLICACIÓN, DISTRIBUCIÓN, ETC. | |
| Lugar de publicación, distribución, etc. | Managua : |
| Nombre del editor, distribuidor, etc. | Centro Nicaragüense de Escritores, |
| Fecha de publicación, distribución, etc. | 2001. |
| 300 ## - DESCRIPCIÓN FÍSICA | |
| Extensión | 105 p. ; |
| Dimensiones | 22 cm. |
| 651 #4 - PUNTO DE ACCESO ADICIONAL DE MATERIA--NOMBRE GEOGRÁFICO | |
| Nombre geográfico | Nicaragua |
| Subdivisión general | Politica Y Gobierno, |
| Subdivisión cronológica | 1979-1990. |
| 9 (RLIN) | 8915 |
| 651 #4 - PUNTO DE ACCESO ADICIONAL DE MATERIA--NOMBRE GEOGRÁFICO | |
| Nombre geográfico | Nicaragua |
| Subdivisión general | Condiciones Rurales |
| 9 (RLIN) | 32280 |
| 910 ## - DATOS DE OPCIÓN DEL USUARIO (OCLC) | |
| Datos de opción del usuario | Catalogación por copia/LC |
| Estado de retiro | Estado de pérdida | Restricciones de uso | No para préstamo | Código de colección | Localización permanente | Ubicación/localización actual | Ubicación en estantería | Fecha de adquisición | Número de inventario | Total de préstamos | Signatura topográfica completa | Código de barras | Fecha visto por última vez | Precio válido a partir de | Tipo de ítem Koha |
|---|---|---|---|---|---|---|---|---|---|---|---|---|---|---|---|
| Préstamo interno | Monografías: Libros y Folletos | General | General | En catalogación | 09.12.2009 | LF1 | 331.129 G948 | 14314-10 | 25.06.2020 | 25.06.2020 | Préstamo interno |
